000
00316nam a22001337a 4500
003
OSt
008
201119b ||||| |||| 00| 0 eng d
100
_a
ATKINS, Peter
245
_a
Elements of Physical Chemistry
260
_a
New Delhi
_b
Oxford
_c
2017
300
_a
610
650
_a
B.Sc Non Medical
942
_2
ddc
_c
BK
999
_c
9219
_d
9219